DIGITAL IMAGE DATA PROCESSING IN CARTOGRAPHY

Bibliographic Details
Main Authors: Hájek, M. (Author), Mislovič, E. (Author), Mitášová, Irena, 1935- (Author), Vavrinec, B. (Author)
Format: Article
Language:Slovak
English

MARC

LEADER 00000nab a22000007a 4500
001 vtls010674827
003 SK-MaSNL
005 20260304184808.0
008 250708s1993 xo |||||||||||||||||slo|
035 |a (urnnbn)urn:nbn:sk:snk:ar-a06mn0 
035 |a (uuid)d48a2e8f-5e21-40e9-b184-f9e88d59c58c 
035 |a urn:nbn:sk:snk-ab1at9 
040 |a SNKBUCL  |b slo  |c SNKBUCL  |e AACR2 
041 0 |a eng 
044 |a xo  |c SK 
245 0 0 |a DIGITAL IMAGE DATA PROCESSING IN CARTOGRAPHY  |c M. Hájek ... [et al.] 
700 1 |a Hájek, M.  |4 aut  |9 801001 
700 1 |a Mislovič, E.  |4 aut  |9 1518653 
700 1 |a Mitášová, Irena,  |d 1935-  |4 aut 
700 1 |a Vavrinec, B.  |4 aut  |9 1518654 
773 0 |t Slovak journal of civil engineering  |g Roč. 1, č. 1 (1993), s. 35-40 
850 |a Slovenská národná knižnica 
852 |a Slovenská národná knižnica 
958 |a article 
958 |a OND 
958 |a EUIPO 
999 |c 3039940  |d 3041870